La función pública española en la doctrina científica : Antología de textos /

Guardado en:
Autor Principal: Meylan Gil, José Luis
Formato: Desconocido
Idioma:Spanish
Publicado: Madrid : Centro de formación y perfeccionamiento de funcionarios, 1962
Series:Estudios administrativos 16
Materias:
Etiquetas: Agregar Etiqueta
Sin Etiquetas, Sea el primero en etiquetar este registro!
LEADER 00530nac a22001335a 4500
001 DER.der003262
005 20070126000000.0
008 180615s1962####||||||||||||||||||||spa||
100 1 |a Meylan Gil, José Luis 
245 1 0 |a La función pública española en la doctrina científica :  |b Antología de textos /  |c José Luis Meylan Gil 
260 |a Madrid :  |b Centro de formación y perfeccionamiento de funcionarios,  |c 1962 
440 0 |a Estudios administrativos  |v 16 
653 |a FUNCIONARIOS PUBLICOS 
859 |a DERECHO  |b BIB. DERECHO  |h 350.991  |i MEY  |p 004886